02068cam a22003855i 45000010009000000050017000090080041000260100017000670200018000840350024001020400008001260410013001340420014001471000027001612450158001882460010003462460044003562460064004002600078004643000046005424900043005884900020006315050165006515050207008165200385010236500037014086500028014456500025014736500020014986550018015186550027015366550029015636550040015927000050016322393892320250523065220.0241203t20192019enka e 000 j dut  a 2024403334 a9781529302868 a(OCoLC)on1137298372 ctbs0 adutaeng alccopycat aRichards, Ollyeauthor10aShort stories in Dutchb: read for pleasure at your level and learn Dutch the fun way!c/ Olly Richards ; translated by Rosemary Mitchell-Schuitevoerder.30aDutch34aShort stories in Dutch :bfor beginners30aRead for pleasure at your level and learn Dutch the fun way aLondon :bJohn Murray Learning, an imprint of Hodder & Stroughton,c2019. axiv, 224 pages :billustrations ;c20 cm. aForeign language graded reader series. aTeach yourself.0 aDe gekke loempia — Een heel bijzondere excursie — De ridder — Het horloge — De kist — Onbekend terrein — Laura, de onzichtbare vrouw — De capsule.0 aMapped to A2-B1 on the Common European Framework of Reference — A glossary for bolded words in each text — A bilingual word list — Full plot summary — Comprehension questions after each chapter. aA collection of eight short stories for adult learners of Dutch as a foreign language, written for students from beginner to intermediate level, designed to give a sense of achievement, and most importantly - enjoyment! Includes 1000 most frequent words, authentic spoken dialogues, conversational expressions, comprehension questions and glossary of Dutch to English translation. 0aDutch languagevSelf-instruction 0aDutch languagevReaders 0aShort stories, Dutch 0aReaders (Adult) 0aShort stories 0aReaders (Publications) 0aSelf-instructional works 0aInstructional and educational works aMitchell-Schuitevoerder, Rosemaryetranslator